|
|
|
|
| LEADER |
00000nab a2200000 a 4500 |
| 001 |
vtls001495948 |
| 003 |
SK-MaSNL |
| 005 |
20260304142027.0 |
| 008 |
250505c2003 xo 0 slo |
| 015 |
|
|
|a SNBCL2005/2
|
| 035 |
|
|
|a (uuid)1fc13da3-347f-47f9-b922-5d4046ee3850
|
| 035 |
|
|
|a urn:nbn:sk:snk-abd4uc
|
| 035 |
|
|
|a (urnnbn)urn:nbn:sk:snk:ar-0078xb
|
| 040 |
|
|
|a SNKBUCL
|b slo
|c SNKBUCL
|e AACR2
|
| 041 |
0 |
|
|a slo
|
| 044 |
|
|
|a xo
|c SK
|
| 080 |
|
|
|a 616.94-022.7-07-085:061.3
|2 1981
|
| 100 |
1 |
|
|a Trupl, Jan,
|d 1943-
|4 aut
|9 242388
|
| 245 |
1 |
0 |
|a Česko-Slovenské fórum pre sepsu
|c Jan Trupl
|
| 611 |
1 |
7 |
|a Česko-Slovenské fórum pre sepsu
|e "Program prevencie a liečby sepsy"
|c Piešťany, Slovensko
|d 2003
|2 SNKBUCL
|9 1460965
|
| 650 |
0 |
7 |
|a sepsa
|2 MESH
|9 14471
|
| 650 |
0 |
7 |
|a diagnóza
|2 MESH
|9 2604
|
| 650 |
0 |
7 |
|a terapeutika
|2 MESH
|9 21659
|
| 650 |
0 |
7 |
|a látky antibakteriálne
|x klasifikácia
|2 MESH
|9 1290847
|
| 650 |
0 |
7 |
|a medzinárodná spolupráca
|2 MESH
|9 4911
|
| 650 |
0 |
7 |
|a kongresy (publikačný typ)
|2 MESH
|9 846472
|
| 650 |
0 |
7 |
|a diagnostika (medicína)
|2 MESH
|9 28740
|
| 773 |
0 |
|
|t Antibiotiká a rezistencia
|g Roč. 2, č. 1 (2003), s. 45
|x 1336-1147
|
| 850 |
|
|
|a Slovenská národná knižnica
|
| 852 |
|
|
|a Slovenská národná knižnica
|
| 954 |
|
|
|a odborná, vedecká literatúra pôvodná (slovenská)
|2 lita
|
| 958 |
|
|
|a article17
|
| 958 |
|
|
|a OND
|
| 958 |
|
|
|a EUIPO
|
| 999 |
|
|
|c 2920215
|d 2922145
|